000 00294nam a2200121Ia 4500
008 191201s2008 xx 000 0 und d
100 _aHOODA, R.P.
245 0 _aStatistics for Business and Economics
260 _aN. Delhi
_bMacmillan
_c2008
300 _a855
650 _aBBA
942 _2ddc
_cBK
999 _c6596
_d6596